A bűn és bűnhődés motívuma a Don Juan-művekben
Elmentve itt :
| Szerző: | |
|---|---|
| Adatforrás: | Philobibl |
| Forrásdokumentuma: | Fórum 2005:4. p. 101-110. |
| Dokumentumtípus: | Cikk |
| Nyelv: | magyar |
| Kulcsszavak: | bűn archetípus csábítás irodalomelmélet lételmélet morál |
| Online elérés: | szabadon hozzáférhető |
| LEADER | 00619nab a2200181 c 4500 | ||
|---|---|---|---|
| 001 | bibPHI00000064 | ||
| 005 | 20211012100255.6 | ||
| 008 | 211011s2005 xo 00010 hun d | ||
| 100 | 1 | |a Mészáros András | |
| 245 | 1 | 2 | |a A bűn és bűnhődés motívuma a Don Juan-művekben |c Mészáros András |
| 695 | |a bűn | ||
| 695 | |a archetípus | ||
| 695 | |a csábítás | ||
| 695 | |a irodalomelmélet | ||
| 695 | |a lételmélet | ||
| 695 | |a morál | ||
| 773 | 0 | |t Fórum |g 2005:4. p. 101-110. | |
| 856 | 4 | 1 | |3 Full text |u https://forumszemle.eu/2005/06/21/meszaros-andras-a-bun-es-a-bunhodes-motivuma-a-don-juan-muvekben/ |z szabadon hozzáférhető |